Imperivm III "Le grandi battaglie di Roma": Truppe - Statistics

Statistiche generali
  • Questo quiz è stato fatto 8 volte
  • Il punteggio medio è 40 su 65
Statistiche sulle risposte
% Corretto
Legionario
86%
Legionario
86%
Princep
86%
Princep
86%
Velite
86%
Arciere
71%
Arciere
71%
Arciere
71%
Arciere
71%
Arciere
71%
Arciere
71%
Elefante da guerra
71%
Equite
71%
Equite
71%
Fromboliere
71%
Guerriero
71%
Guerriero
71%
Guerriero
71%
Guerriero
71%
Guerriero con ascia
71%
Guerriero con ascia
71%
Guerriero con mazza
71%
Guerriero con mazza
71%
Guerriero di Anubis
71%
Guerriero di Fand
71%
Guerriero di Horus
71%
Pretoriano
71%
Tuareg
71%
Valchiria
71%
Arciere teutonico
57%
Cacciatrice
57%
Capo normanno
57%
Carro da guerra
57%
Carro di Osiris
57%
Cavaliere gallico
57%
Cavaliere iberico
57%
Cavaliere teutonico
57%
Druido britannico
57%
Druido gallico
57%
Fante numida
57%
Gladiatore
57%
Guardia d'elite
57%
Guerriera gallica
57%
Guerriero con giavellotto
57%
Highlander
57%
Lanciere
57%
Lanciere
57%
Liberatus
57%
Milite
57%
Nobile
57%
Sacerdote
57%
Sacerdote
57%
Sacerdote
57%
Sacerdotessa
57%
Tribuno
57%
Arciera
43%
Difensore
43%
Guardiano del Nilo
43%
Guerrigliero
43%
Lanciatore d'asce
43%
Lanciere libico
43%
Lottatore caledone
43%
Lottatore mauritano
43%
Maga
29%
Sciamano
29%
Nessun quiz corrispondente trovato
Distribuzione punteggi
Percentuale di utenti per punteggio
Percentile per numero di risposta
I tuoi punteggi nel tempo
Non hai fatto questo quiz